[Event "CHI-chT"]
[Site "Santiago de Chile"]
[Date "2019.09.26"]
[Round "3.2"]
[White "Dumas Aviles, Alejandro"]
[Black "Morales Gonzalez, Rodrigo"]
[Result "1/2-1/2"]
[WhiteElo "2254"]
[BlackElo "1899"]
[PlyCount "76"]
[EventDate "2019.09.05"]
[EventType "team-swiss"]
[EventRounds "9"]
[EventCountry "CHI"]
[SourceTitle "CBM 193 Extra"]
[Source "ChessBase"]
[SourceDate "2020.01.31"]
[SourceVersion "1"]
[SourceVersionDate "2020.01.31"]
[SourceQuality "1"]
[WhiteTeam "Traslavina Petshop"]
[BlackTeam "La Florida CC USM"]
[WhiteTeamCountry "CHI"]
[BlackTeamCountry "CHI"]

1. Nf3 d5 2. g3 Nf6 3. Bg2 c5 4. c4 Nc6 5. cxd5 Nxd5 6. Nc3 Nxc3 7. bxc3 e6 8. 0-0 Be7 9. d4 0-0 10. Bf4 Bf6 11. e4 g6 12. dxc5 e5 13. Bh6 Qxd1 14. Rfxd1 Rd8 15. Bg5 Rxd1+ 16. Rxd1 Bxg5 17. Nxg5 f6 18. Nf3 Be6 19. a3 Kf7 20. Rb1 Nd8 21. c6 b6 22. Bf1 Nxc6 23. Ba6 Na5 24. Kf1 Rd8 25. Ke1 Rd7 26. Rb4 Rc7 27. Kd2 Bc4 28. Bxc4+ Nxc4+ 29. Kd3 Nd6 30. Nd2 Nb7 31. Nb3 Ke6 32. f3 Rd7+ 33. Ke2 Rc7 34. Kd3 Rd7+ 35. Kc2 h5 36. Rc4 Kd6 37. Rc8 Rd8 38. Rc4 Rd7 1/2-1/2

[Event "Santiago Endesa Interempresas tt-A"]
[Site "Santiago de Chile"]
[Date "2010.08.03"]
[Round "4"]
[White "Torres Bravo, Cristobal Renato"]
[Black "Dumas Aviles, Alejandro"]
[Result "1-0"]
[WhiteElo "2231"]
[BlackElo "2314"]
[PlyCount "113"]
[EventDate "2010.07.13"]
[EventType "team"]
[EventRounds "13"]
[EventCountry "CHI"]
[SourceTitle "EXT 2012"]
[Source "ChessBase"]
[SourceDate "2011.11.24"]
[SourceVersion "1"]
[SourceVersionDate "2011.11.24"]
[SourceQuality "1"]

1. Nf3 c5 2. c4 Nc6 3. d4 cxd4 4. Nxd4 g6 5. g3 Bg7 6. Nc2 Nf6 7. Bg2 0-0 8. 0-0 a5 9. Nc3 a4 10. Ne3 a3 11. bxa3 Ng4 12. Nxg4 Bxc3 13. Rb1 Qa5 14. Rb5 Qa4 15. Qd3 Bg7 16. Ne3 e6 17. h4 d6 18. Bxc6 bxc6 19. Rb4 Qa5 20. Qxd6 Ra6 21. c5 Rd8 22. Nc4 Rxd6 23. Nxa5 Rd8 24. Nb3 Bc3 25. Rb8 Be5 26. Rb6 Bc7 27. Rb4 e5 28. Bg5 Rd5 29. a4 Kg7 30. Be3 Ra8 31. Rc1 Ba6 32. Kf1 Rad8 33. Ke1 Bc8 34. Rb6 e4 35. Rxc6 Be5 36. Nd2 h6 37. Rb6 f5 38. a5 Bc7 39. Nc4 f4 40. gxf4 Rh5 41. Nd6 Rxh4 42. Bd4+ Kg8 43. Bf6 Rh1+ 44. Kd2 Rxc1 45. Bxd8 Bxb6 46. Bxb6 Ra1 47. Nxc8 Rxa2+ 48. Ke3 h5 49. Nd6 h4 50. c6 h3 51. c7 Rc2 52. Nxe4 h2 53. Ng3 Kf7 54. Kd3 Rc6 55. a6 Rxb6 56. c8Q Rb3+ 57. Qc3 1-0

[Event "CHI-chT Universities"]
[Site "Chile"]
[Date "2009.10.28"]
[Round "4"]
[White "Dumas Aviles, Alejandro"]
[Black "Ojeda Meneses, Pablo"]
[Result "1-0"]
[WhiteElo "2349"]
[BlackElo "1940"]
[PlyCount "95"]
[EventDate "2009.10.27"]
[EventType "team-swiss"]
[EventRounds "7"]
[EventCountry "CHI"]
[SourceTitle "EXT 2012"]
[Source "ChessBase"]
[SourceDate "2011.11.24"]
[SourceVersion "1"]
[SourceVersionDate "2011.11.24"]
[SourceQuality "1"]

1. d4 Nf6 2. Nc3 e6 3. e4 d5 4. Bg5 Bb4 5. e5 h6 6. Bd2 Nfd7 7. f4 c5 8. Nb5 0-0 9. Bxb4 cxb4 10. Nf3 Na6 11. Qd2 Nb6 12. b3 Nc7 13. Qxb4 Nxb5 14. Bxb5 Bd7 15. Bd3 a5 16. Qd2 a4 17. 0-0 Nc8 18. Kh1 Ne7 19. Ng1 Qb6 20. Ne2 Nc6 21. Rab1 axb3 22. axb3 Nb4 23. Ra1 Nxd3 24. Qxd3 Bb5 25. c4 Ba6 26. Rac1 Qb4 27. Rc3 b6 28. Qc2 dxc4 29. bxc4 Qa5 30. Qb2 b5 31. cxb5 Rab8 32. Ra1 Rxb5 33. Qc1 Qb6 34. Rc6 Qb7 35. Rcxa6 Rc8 36. Qd1 Rb2 37. R6a2 Rcc2 38. Ra8+ Kh7 39. Qd3+ g6 40. R8a7 Rb1+ 41. Rxb1 Qxb1+ 42. Ng1 Kg7 43. Rc7 Rc1 44. Qxb1 Rxb1 45. h3 g5 46. fxg5 hxg5 47. Kh2 Kg6 48. Nf3 1-0

[Event "Santiago Endesa"]
[Site "Santiago de Chile"]
[Date "2009.10.??"]
[Round "1"]
[White "Dumas Aviles, Alejandro"]
[Black "Valenzuela Fuentealba, Luis"]
[Result "0-1"]
[WhiteElo "2349"]
[BlackElo "2477"]
[PlyCount "246"]
[EventDate "2009.10.??"]
[EventType "tourn"]
[EventRounds "9"]
[EventCountry "CHI"]
[EventCategory "3"]
[SourceTitle "CBM 132 Extra"]
[Source "ChessBase"]
[SourceDate "2009.11.03"]
[SourceVersion "1"]
[SourceVersionDate "2009.11.03"]
[SourceQuality "1"]

1. d4 d5 2. Bg5 c6 3. c3 Bf5 4. Nf3 Nd7 5. Nbd2 Ngf6 6. e3 e6 7. Be2 Bd6 8. Nh4 Bg6 9. Nxg6 hxg6 10. e4 dxe4 11. Nxe4 Be7 12. Nxf6+ Nxf6 13. Bxf6 gxf6 14. Bf3 f5 15. g3 Qc7 16. Qe2 g5 17. Bg2 Bf6 18. h3 Kf8 19. 0-0 Kg7 20. Rfe1 Rad8 21. Rad1 Rh6 22. Rd3 a5 23. Rdd1 Qd6 24. a4 Rdh8 25. Qf3 Rg6 26. Qd3 g4 27. hxg4 Rxg4 28. f4 Kf8 29. Re3 Rhg8 30. Rd2 Bd8 31. Kf1 Bc7 32. Bh3 R4g6 33. Bg2 Qd8 34. Rf2 Qf6 35. Rff3 Qh8 36. Kg1 Rg4 37. Qf1 Qh6 38. Kf2 Bd8 39. Bh3 R4g6 40. Ke2 Rh8 41. Bg2 Rhg8 42. Qf2 Qh5 43. Ke1 Qh7 44. Bf1 Rh6 45. Qe2 Rh1 46. Rf2 Rg6 47. Kd2 Qg8 48. Rg2 Rh3 49. Qf2 Bc7 50. Kc2 Rh1 51. Rh2 Rh6 52. Rxh1 Rxh1 53. Rd3 Qh7 54. Rd2 Qg6 55. Qf3 Rh7 56. Qf2 Qg4 57. Be2 Qh3 58. Bf1 Qh5 59. Be2 Qh1 60. Rd1 Rh2 61. Rxh1 Rxf2 62. Kd3 Rg2 63. Rh3 Kg7 64. Ke3 Bb6 65. Kf3 Rg1 66. Bc4 Ra1 67. Bb3 Rf1+ 68. Ke3 c5 69. dxc5 Bxc5+ 70. Kd3 Rf2 71. Bc2 Rg2 72. b4 axb4 73. cxb4 Bxb4 74. Bd1 Be1 75. Bf3 Rxg3 76. Rxg3+ Bxg3 77. Ke3 b6 78. Bc6 Kf6 79. Kf3 Bh2 80. Bb5 Ke7 81. Bc6 f6 82. Bb7 Kd7 83. Ba6 e5 84. Bb5+ Kd6 85. Ba6 Kc5 86. Bc8 Kb4 87. Bxf5 Kxa4 88. fxe5 Bxe5 89. Ke4 Kb4 90. Kd5 Bf4 91. Kc6 Be3 92. Bd3 Kc3 93. Bg6 Bc5 94. Kd5 Bd4 95. Kc6 Bf2 96. Bh7 Kd2 97. Bf5 Ke3 98. Bb1 Kf4 99. Kd5 b5 100. Ke6 Bd4 101. Kd5 Ke3 102. Bg6 Bc3 103. Bh7 Kf4 104. Bc2 b4 105. Bb1 Kg5 106. Ke6 Be1 107. Bc2 Bh4 108. Bh7 Kg4 109. Bg6 Kf4 110. Bh7 Ke3 111. Kd5 Bg3 112. Bg6 Be5 113. Bh7 b3 114. Kc4 b2 115. Bb1 Ke2 116. Bh7 Bf4 117. Kb3 Be5 118. Kc4 Ke3 119. Bb1 Kd2 120. Kb3 Ke2 121. Kc4 Ke3 122. Bh7 Kf4 123. Kd5 f5 0-1

[Event "Santiago Endesa Interempresas tt-B"]
[Site "Santiago de Chile"]
[Date "2009.09.15"]
[Round "9"]
[White "Dumas Aviles, Alejandro"]
[Black "Vergara Castillo, Boris"]
[Result "1-0"]
[WhiteElo "2341"]
[BlackElo "1976"]
[PlyCount "107"]
[EventDate "2009.07.21"]
[EventType "team"]
[EventRounds "11"]
[EventCountry "CHI"]
[SourceTitle "EXT 2012"]
[Source "ChessBase"]
[SourceDate "2011.11.24"]
[SourceVersion "1"]
[SourceVersionDate "2011.11.24"]
[SourceQuality "1"]

1. c4 e6 2. Nc3 d5 3. d4 Nf6 4. Bg5 Be7 5. e3 h6 6. Bxf6 Bxf6 7. cxd5 exd5 8. Qc2 c6 9. Bd3 0-0 10. Nge2 Re8 11. 0-0 Nd7 12. b4 a6 13. a4 Nf8 14. Rab1 g6 15. b5 axb5 16. axb5 Bg7 17. Na4 Bd7 18. Nc5 Rb8 19. Rfc1 cxb5 20. Nxd7 Nxd7 21. Rxb5 Nf6 22. Qc7 Re7 23. Qxd8+ Rxd8 24. Rcb1 Rb8 25. Nc3 Rd7 26. g3 Bf8 27. Bf1 Rc8 28. R1b3 Ne4 29. Nxd5 Rc1 30. Rb2 Ba3 31. Ra2 Bf8 32. Ra8 Kg7 33. Kg2 Rd1 34. Nf4 Rd2 35. Nd3 Nd6 36. Rb2 Rxb2 37. Nxb2 b6 38. Rb8 Rb7 39. Rxb7 Nxb7 40. Na4 b5 41. Bxb5 Nd6 42. Bd3 Be7 43. e4 f6 44. f4 Bd8 45. e5 Nf7 46. Bc4 Bc7 47. Bxf7 Kxf7 48. Kf3 fxe5 49. fxe5 Ba5 50. Ke4 Bb4 51. Nc5 Ke7 52. Nd3 Bc3 53. Nf4 g5 54. Nd5+ 1-0

[Event "Santiago Endesa Interempresas tt-B"]
[Site "Santiago de Chile"]
[Date "2009.08.11"]
[Round "4"]
[White "Labra Carreno, Martin"]
[Black "Dumas Aviles, Alejandro"]
[Result "0-1"]
[WhiteElo "1968"]
[BlackElo "2341"]
[PlyCount "76"]
[EventDate "2009.07.21"]
[EventType "team"]
[EventRounds "11"]
[EventCountry "CHI"]
[SourceTitle "EXT 2012"]
[Source "ChessBase"]
[SourceDate "2011.11.24"]
[SourceVersion "1"]
[SourceVersionDate "2011.11.24"]
[SourceQuality "1"]

1. d4 Nf6 2. c4 e6 3. Nf3 b6 4. g3 Bb7 5. Bg2 Bb4+ 6. Bd2 Be7 7. Nc3 0-0 8. Qc2 c5 9. d5 exd5 10. Nh4 Nc6 11. Nxd5 Nd4 12. Nxe7+ Qxe7 13. Qd3 Bxg2 14. Nxg2 d5 15. Ne3 dxc4 16. Qxc4 Rad8 17. Rc1 Rfe8 18. Kf1 b5 19. Qxc5 Qxc5 20. Rxc5 Ne4 21. Bb4 a5 22. Bxa5 Nxc5 23. Bxd8 Rxd8 24. Ke1 Kf8 25. h4 Na4 26. f3 Nxb2 27. Kf2 Ra8 28. Nd5 Nc4 29. Rd1 Ne6 30. Rb1 Nd6 31. Rb2 Ra3 32. g4 Ke8 33. h5 h6 34. e3 Kd7 35. Ke2 Nc4 36. Rc2 Nxe3 37. Rc3 Rxc3 38. Nxc3 Nc2 0-1

[Event "Santiago Endesa Interempresas tt-B"]
[Site "Santiago de Chile"]
[Date "2009.07.21"]
[Round "1"]
[White "Andueza Quezada, Danilo"]
[Black "Dumas Aviles, Alejandro"]
[Result "0-1"]
[WhiteElo "2165"]
[BlackElo "2341"]
[PlyCount "100"]
[EventDate "2009.07.21"]
[EventType "team"]
[EventRounds "11"]
[EventCountry "CHI"]
[SourceTitle "EXT 2012"]
[Source "ChessBase"]
[SourceDate "2011.11.24"]
[SourceVersion "1"]
[SourceVersionDate "2011.11.24"]
[SourceQuality "1"]

1. d4 Nf6 2. c4 e6 3. Nc3 Bb4 4. f3 c5 5. a3 Ba5 6. dxc5 Bxc3+ 7. bxc3 Qa5 8. e4 0-0 9. Ne2 Qxc5 10. Qd4 d6 11. Be3 b6 12. Qd3 Qc7 13. Nd4 Ba6 14. Rb1 Nbd7 15. Nb5 Bxb5 16. cxb5 d5 17. exd5 Nxd5 18. c4 Ne5 19. Qb3 Nxe3 20. Qxe3 Nxc4 21. Rc1 Nxe3 22. Rxc7 Rfc8 23. Rxc8+ Rxc8 24. Kd2 Nd5 25. Be2 Kf8 26. Ra1 Ke7 27. a4 Nb4 28. Bd1 Rd8+ 29. Ke2 Nd3 30. g3 Nc5 31. Bc2 Rd4 32. h4 h6 33. Ke3 Rb4 34. Bd1 Rb2 35. Be2 Rb4 36. Bd1 Kd6 37. Ra3 g5 38. hxg5 hxg5 39. Ra2 Ke5 40. Ra3 f5 41. Ra2 Rd4 42. Bc2 Rc4 43. Bd1 Rc3+ 44. Kd2 Rd3+ 45. Ke2 g4 46. fxg4 Rxg3 47. Kf1 f4 48. Rh2 f3 49. Bc2 Rxg4 50. Kf2 Kf4 0-1

[Event "Santiago Endesa 11"]
[Site "Santiago de Chile"]
[Date "2009.07.01"]
[Round "1"]
[White "Dumas Aviles, Alejandro"]
[Black "Cuevas Araya, Walter"]
[Result "0-1"]
[WhiteElo "2348"]
[BlackElo "2317"]
[PlyCount "48"]
[EventDate "2009.07.01"]
[EventType "tourn"]
[EventRounds "9"]
[EventCountry "CHI"]
[SourceTitle "EXT 2012"]
[Source "ChessBase"]
[SourceDate "2011.11.24"]
[SourceVersion "1"]
[SourceVersionDate "2011.11.24"]
[SourceQuality "1"]

1. d4 Nf6 2. c4 e6 3. Nc3 b6 4. a3 Ba6 5. e4 d5 6. e5 Ne4 7. Nxe4 dxe4 8. Qg4 Qxd4 9. Nf3 Qd7 10. Qxe4 Qc6 11. Bd3 Bb7 12. Qe2 Nd7 13. b4 0-0-0 14. Be3 Qa4 15. Bd4 Bxb4+ 16. axb4 Qxb4+ 17. Kf1 a5 18. Rc1 Nc5 19. Bxc5 Qxc5 20. Be4 Ba6 21. g3 Rd7 22. Kg2 g5 23. Nxg5 Qxe5 24. Bb7+ Bxb7+ 0-1

[Event "Santiago Endesa 01"]
[Site "Santiago de Chile"]
[Date "2009.04.13"]
[Round "9"]
[White "Vargas Maliqueo, Ivan Patricio"]
[Black "Dumas Aviles, Alejandro"]
[Result "1/2-1/2"]
[WhiteElo "2222"]
[BlackElo "2231"]
[PlyCount "93"]
[EventDate "2009.03.16"]
[EventType "tourn"]
[EventRounds "11"]
[EventCountry "CHI"]
[SourceTitle "EXT 2012"]
[Source "ChessBase"]
[SourceDate "2011.11.24"]
[SourceVersion "1"]
[SourceVersionDate "2011.11.24"]
[SourceQuality "1"]

1. e4 c5 2. Nf3 g6 3. d4 Bg7 4. Nc3 Qa5 5. Be3 Nf6 6. Qd2 0-0 7. 0-0-0 cxd4 8. Nxd4 Ng4 9. Nd5 Qxa2 10. Nxe7+ Kh8 11. Qb4 Nc6 12. Nexc6 Nxe3 13. fxe3 dxc6 14. Bc4 c5 15. Qxc5 Qa4 16. Kb1 Bg4 17. Bb5 Qa5 18. Nb3 b6 19. Qc4 a6 20. Nxa5 axb5 21. Qxb5 Rxa5 22. Qxb6 Raa8 23. Rd4 Kg8 24. Rb4 Rfd8 25. Rf1 Be6 26. Qb7 Ba2+ 27. Kc1 Bc4 28. Qxa8 Rxa8 29. Rd1 Be6 30. c3 Bf8 31. Rb7 Bc5 32. Kd2 Ra2 33. Rb8+ Kg7 34. Kd3 Bd6 35. Rb6 Bc7 36. Rb7 Bxh2 37. c4 Be5 38. Rd2 h5 39. c5 Bc8 40. Rb6 g5 41. Kc2 h4 42. Rd5 f6 43. Rd8 Bg4 44. Rb7+ Kg6 45. c6 Ra6 46. Rg8+ Kh6 47. Rh8+ 1/2-1/2

[Event "Santiago Endesa 01"]
[Site "Santiago de Chile"]
[Date "2009.04.08"]
[Round "8"]
[White "Dumas Aviles, Alejandro"]
[Black "Calvo Salas, Pablo"]
[Result "0-1"]
[WhiteElo "2231"]
[BlackElo "2288"]
[PlyCount "62"]
[EventDate "2009.03.16"]
[EventType "tourn"]
[EventRounds "11"]
[EventCountry "CHI"]
[SourceTitle "EXT 2012"]
[Source "ChessBase"]
[SourceDate "2011.11.24"]
[SourceVersion "1"]
[SourceVersionDate "2011.11.24"]
[SourceQuality "1"]

1. d4 d5 2. Nf3 c5 3. c4 e6 4. cxd5 exd5 5. g3 Nc6 6. Bg2 Nf6 7. 0-0 Be7 8. Nc3 0-0 9. dxc5 Bxc5 10. Na4 Be7 11. Be3 Re8 12. Rc1 Bg4 13. Nc5 b6 14. Nd3 Rc8 15. Nfe5 Nxe5 16. Nxe5 Rxc1 17. Bxc1 Bh5 18. Nc6 Qd7 19. Nxe7+ Qxe7 20. Re1 Qc5 21. Be3 Rxe3 22. fxe3 Qxe3+ 23. Kh1 Ng4 24. Rf1 Nf2+ 25. Rxf2 Qxf2 26. Qc1 Qc5 27. Qg5 h6 28. Qd8+ Kh7 29. Bxd5 Bxe2 30. Kg2 Qc2 31. Kf2 Bc4+ 0-1

[Event "Santiago Endesa 01"]
[Site "Santiago de Chile"]
[Date "2009.04.07"]
[Round "11"]
[White "Diaz Villagran, Robert"]
[Black "Dumas Aviles, Alejandro"]
[Result "1/2-1/2"]
[WhiteElo "2329"]
[BlackElo "2231"]
[PlyCount "104"]
[EventDate "2009.03.16"]
[EventType "tourn"]
[EventRounds "11"]
[EventCountry "CHI"]
[SourceTitle "EXT 2012"]
[Source "ChessBase"]
[SourceDate "2011.11.24"]
[SourceVersion "1"]
[SourceVersionDate "2011.11.24"]
[SourceQuality "1"]

1. e4 c5 2. c3 e6 3. d4 d5 4. e5 Nc6 5. Nf3 Bd7 6. a3 f6 7. Bd3 Qc7 8. Bf4 0-0-0 9. b4 c4 10. Be2 h6 11. Bg3 f5 12. h4 Be8 13. h5 Nge7 14. Nh4 Rd7 15. a4 g5 16. hxg6 Nxg6 17. Na3 a6 18. Nxg6 Bxg6 19. Bf4 Rdh7 20. Nc2 Nd8 21. Ne3 Qf7 22. b5 a5 23. Rb1 h5 24. Qd2 h4 25. Rh3 Be7 26. Bxc4 dxc4 27. Nxc4 Bh5 28. d5 Bc5 29. d6 Bg4 30. Rh2 h3 31. g3 b6 32. Be3 Qb7 33. Qd3 Kd7 34. Kd2 Bf3 35. Bxc5 bxc5 36. Nxa5 Qa8 37. Nb3 Qd5 38. Qxd5 Bxd5 39. Nxc5+ Kc8 40. c4 Bxc4 41. Rc1 Bd5 42. Nxe6+ Kb7 43. Nf4 Bb3 44. Kc3 Bf7 45. Rch1 Ne6 46. Rxh3 Rc8+ 47. Kd2 Rxh3 48. Rxh3 Ng5 49. Rh6 Ne4+ 50. Kd3 Rc3+ 51. Kd4 Rc4+ 52. Kd3 Rc3+ 1/2-1/2

[Event "Santiago Endesa 01"]
[Site "Santiago de Chile"]
[Date "2009.03.30"]
[Round "5"]
[White "Lopez Silva, Hugo Andres"]
[Black "Dumas Aviles, Alejandro"]
[Result "0-1"]
[WhiteElo "2376"]
[BlackElo "2231"]
[PlyCount "78"]
[EventDate "2009.03.16"]
[EventType "tourn"]
[EventRounds "11"]
[EventCountry "CHI"]
[SourceTitle "EXT 2012"]
[Source "ChessBase"]
[SourceDate "2011.11.24"]
[SourceVersion "1"]
[SourceVersionDate "2011.11.24"]
[SourceQuality "1"]

1. e4 c5 2. Nf3 e6 3. d4 cxd4 4. Nxd4 a6 5. Nc3 Qc7 6. g3 Bb4 7. Nde2 Nf6 8. Bg2 Be7 9. 0-0 Nc6 10. a4 d6 11. h3 h5 12. Bg5 0-0 13. Qd2 Rd8 14. Nf4 Ne5 15. Qc1 Nc4 16. b3 Qa5 17. Nfe2 Ne5 18. Qd2 Qc5 19. a5 Bd7 20. Be3 Qb4 21. f4 Ng6 22. Rfd1 Rac8 23. Qe1 e5 24. f5 Nf8 25. Bf3 d5 26. Nxd5 Nxd5 27. Rxd5 Qxe1+ 28. Rxe1 Bc6 29. Rxd8 Rxd8 30. Kf2 Bb4 31. Ra1 Nh7 32. c3 Be7 33. Bb6 Rd3 34. Bc7 Ng5 35. Bg2 Bc5+ 36. Ke1 b6 37. b4 Be3 38. Bxb6 Bxb6 39. axb6 Bxe4 0-1

[Event "Santiago Endesa 09"]
[Site "Santiago de Chile"]
[Date "2008.06.30"]
[Round "1"]
[White "Diaz Villagran, Robert"]
[Black "Dumas Aviles, Alejandro"]
[Result "1/2-1/2"]
[WhiteElo "2319"]
[BlackElo "2231"]
[PlyCount "29"]
[EventDate "2008.06.30"]
[EventType "tourn"]
[EventRounds "9"]
[EventCountry "CHI"]
[SourceTitle "EXT 2012"]
[Source "ChessBase"]
[SourceDate "2011.11.24"]
[SourceVersion "1"]
[SourceVersionDate "2011.11.24"]
[SourceQuality "1"]

1. e4 d5 2. d3 dxe4 3. dxe4 Qxd1+ 4. Kxd1 Nf6 5. f3 e5 6. c3 Be6 7. Nd2 Nbd7 8. Bc4 Bxc4 9. Nxc4 b5 10. Ne3 Nc5 11. Kc2 c6 12. Nh3 Ne6 13. a4 Bc5 14. Rd1 0-0 15. Nf2 1/2-1/2

[Event "Santiago Endesa 05"]
[Site "Santiago de Chile"]
[Date "2008.06.18"]
[Round "9"]
[White "Marin Munoz, Roque"]
[Black "Dumas Aviles, Alejandro"]
[Result "1/2-1/2"]
[WhiteElo "2098"]
[BlackElo "2231"]
[PlyCount "22"]
[EventDate "2008.05.19"]
[EventType "tourn"]
[EventRounds "9"]
[EventCountry "CHI"]
[SourceTitle "EXT 2012"]
[Source "ChessBase"]
[SourceDate "2011.11.24"]
[SourceVersion "1"]
[SourceVersionDate "2011.11.24"]
[SourceQuality "1"]

1. d4 e6 2. Nf3 Nf6 3. e3 b6 4. Bd3 Ba6 5. c4 Bb7 6. Nc3 Bb4 7. Bd2 0-0 8. 0-0 d6 9. Qe2 Nbd7 10. Rad1 Bxc3 11. Bxc3 Be4 1/2-1/2

[Event "Santiago Endesa 05"]
[Site "Santiago de Chile"]
[Date "2008.06.16"]
[Round "8"]
[White "Dumas Aviles, Alejandro"]
[Black "Gonzalez Gonzalez, Claudio H"]
[Result "0-1"]
[WhiteElo "2231"]
[BlackElo "2072"]
[PlyCount "103"]
[EventDate "2008.05.19"]
[EventType "tourn"]
[EventRounds "9"]
[EventCountry "CHI"]
[SourceTitle "EXT 2012"]
[Source "ChessBase"]
[SourceDate "2011.11.24"]
[SourceVersion "1"]
[SourceVersionDate "2011.11.24"]
[SourceQuality "1"]

1. e4 c5 2. Nc3 Nc6 3. Bb5 g6 4. Bxc6 dxc6 5. d3 Bg7 6. Be3 b6 7. Qd2 Nf6 8. h3 h6 9. Nge2 e5 10. 0-0 Qe7 11. a3 Bb7 12. f4 exf4 13. Bxf4 c4 14. Qe3 cxd3 15. cxd3 g5 16. Bh2 Rd8 17. Kh1 0-0 18. Rad1 Nd5 19. Nxd5 cxd5 20. e5 f5 21. d4 f4 22. Qf3 Qe6 23. Rc1 Rc8 24. Nc3 a6 25. Na4 Rxc1 26. Rxc1 Rc8 27. Nc3 Rc4 28. Rd1 b5 29. Bg1 Bf8 30. Kh2 Kg7 31. Rf1 Rc7 32. Bf2 Rf7 33. Be1 Be7 34. Qd3 h5 35. Bd2 Kg8 36. Ne2 Rg7 37. h4 Qg4 38. hxg5 Bxg5 39. Qf3 Rf7 40. Qxg4 hxg4 41. Bxf4 Be7 42. Kg3 Bc8 43. Rc1 Bf5 44. Rc3 Rh7 45. Kf2 Rh1 46. Rc1 Bh4+ 47. Ke3 Rxc1 48. Nxc1 g3 49. Ne2 Be4 50. Bxg3 Bxg3 51. Nxg3 Bxg2 52. b4 0-1

[Event "Santiago Endesa 05"]
[Site "Santiago de Chile"]
[Date "2008.05.26"]
[Round "2"]
[White "Castiglione Alencastre, Aldo"]
[Black "Dumas Aviles, Alejandro"]
[Result "0-1"]
[WhiteElo "2115"]
[BlackElo "2231"]
[PlyCount "84"]
[EventDate "2008.05.19"]
[EventType "tourn"]
[EventRounds "9"]
[EventCountry "CHI"]
[SourceTitle "EXT 2012"]
[Source "ChessBase"]
[SourceDate "2011.11.24"]
[SourceVersion "1"]
[SourceVersionDate "2011.11.24"]
[SourceQuality "1"]

1. e4 c5 2. Nf3 d6 3. d4 cxd4 4. Nxd4 Nf6 5. Nc3 a6 6. Bg5 e6 7. f4 Qc7 8. Qf3 b5 9. Bxf6 gxf6 10. Bd3 b4 11. Nce2 Nd7 12. 0-0 Qc5 13. Kh1 h5 14. a3 Rb8 15. Nb3 Qa7 16. Ned4 Qa8 17. axb4 Rxb4 18. Nb5 Qb8 19. N5d4 Qb6 20. c3 Rxb3 21. Nxb3 Qxb3 22. Qe2 Bb7 23. Bxa6 Bc6 24. Qc4 Qxc4 25. Bxc4 Nc5 26. b4 Nxe4 27. Bd3 Kd8 28. b5 Bb7 29. Bxe4 Bxe4 30. Ra7 Rg8 31. Rf2 Kc8 32. b6 Bb7 33. h3 Bh6 34. Ra4 Kb8 35. Kh2 f5 36. g3 Rc8 37. Rd4 d5 38. Rc2 Bg7 39. Rdd2 Rxc3 40. Rxc3 Bxc3 41. Rd1 d4 42. Rb1 d3 0-1

[Event "Santiago Endesa 05"]
[Site "Santiago de Chile"]
[Date "2008.05.19"]
[Round "1"]
[White "Dumas Aviles, Alejandro"]
[Black "Bombardiere Rosas, Eduardo"]
[Result "1-0"]
[WhiteElo "2231"]
[BlackElo "2280"]
[PlyCount "106"]
[EventDate "2008.05.19"]
[EventType "tourn"]
[EventRounds "9"]
[EventCountry "CHI"]
[SourceTitle "EXT 2012"]
[Source "ChessBase"]
[SourceDate "2011.11.24"]
[SourceVersion "1"]
[SourceVersionDate "2011.11.24"]
[SourceQuality "1"]

1. c4 c6 2. d4 d5 3. Nc3 Nf6 4. Nf3 e6 5. e3 Bd6 6. Qc2 Nbd7 7. Bd2 Qe7 8. Bd3 b6 9. 0-0 Bb7 10. cxd5 cxd5 11. Nb5 0-0 12. Nxd6 Qxd6 13. Qa4 a5 14. Rfc1 Ne4 15. Be1 f6 16. Bb5 Nb8 17. Rc2 Rc8 18. Rxc8+ Bxc8 19. b4 Qc7 20. Bd3 Bd7 21. Qa3 Qd6 22. Qb2 Nc6 23. b5 Ne7 24. Nd2 Nxd2 25. Bxd2 Rc8 26. f3 Be8 27. Rc1 Rxc1+ 28. Qxc1 g6 29. Qc3 Qd7 30. Be1 Qc8 31. Qa3 Kf7 32. g4 Qd7 33. Bg3 Nc8 34. h4 Qe7 35. Qc3 Nd6 36. a4 Bd7 37. Qc2 Qe8 38. e4 dxe4 39. fxe4 e5 40. dxe5 fxe5 41. Qc3 Qe6 42. Qxe5 Qxe5 43. Bxe5 Ke6 44. Bd4 Nc8 45. Kf2 Kd6 46. Kf3 Be8 47. Bc2 Kc7 48. Bf2 Bf7 49. Kf4 Be6 50. h5 gxh5 51. gxh5 Kb7 52. Be1 Bf7 53. Kg5 Be8 1-0

[Event "Santiago Endesa 04"]
[Site "Santiago de Chile"]
[Date "2008.04.28"]
[Round "10"]
[White "Dumas Aviles, Alejandro"]
[Black "Soto Rojas, Juan Domingo"]
[Result "1-0"]
[WhiteElo "2231"]
[BlackElo "1945"]
[PlyCount "119"]
[EventDate "2008.04.07"]
[EventType "tourn"]
[EventRounds "11"]
[EventCountry "CHI"]
[SourceTitle "EXT 2012"]
[Source "ChessBase"]
[SourceDate "2011.11.24"]
[SourceVersion "1"]
[SourceVersionDate "2011.11.24"]
[SourceQuality "1"]

1. e4 c5 2. b3 e6 3. Nf3 d5 4. exd5 exd5 5. d4 Nf6 6. Bd3 Be7 7. 0-0 0-0 8. h3 Ne4 9. Bb2 Bf6 10. Nbd2 Bf5 11. Re1 Re8 12. Qc1 Nc6 13. dxc5 Bxb2 14. Qxb2 Qa5 15. Bxe4 Bxe4 16. Nxe4 dxe4 17. Nd4 Qxc5 18. Rad1 Rad8 19. Nxc6 Qxc6 20. c4 Rd7 21. Qa3 a6 22. Qa5 Qc7 23. Qxc7 Rxc7 24. Rxe4 Rec8 25. Red4 h6 26. Rd8+ Rxd8 27. Rxd8+ Kh7 28. Kf1 Re7 29. Rd3 Kg6 30. Re3 Rd7 31. Ke2 f6 32. Rd3 Re7+ 33. Kd2 h5 34. Re3 Rd7+ 35. Kc3 Kf7 36. Re2 Rc7 37. Kb4 b6 38. Kc3 Rc6 39. b4 Rd6 40. a4 Rd1 41. a5 bxa5 42. bxa5 Ra1 43. Kb4 Rb1+ 44. Kc5 g5 45. Kc6 g4 46. hxg4 hxg4 47. g3 Rb4 48. c5 Rb5 49. Rc2 Ke7 50. Re2+ Kf8 51. Kd6 Rxa5 52. c6 Ra1 53. c7 Rd1+ 54. Kc6 Rc1+ 55. Kb7 Rb1+ 56. Kxa6 Ra1+ 57. Kb7 Rb1+ 58. Kc8 Ra1 59. Rb2 Ke7 60. Kb7 1-0

[Event "CHI-chT Universities"]
[Site "Valparaiso"]
[Date "2007.11.11"]
[Round "6"]
[White "Dumas Aviles, Alejandro"]
[Black "Rivas Villanueva, Andrea"]
[Result "1-0"]
[WhiteElo "2231"]
[BlackElo "2076"]
[PlyCount "64"]
[EventDate "2007.11.08"]
[EventType "team"]
[EventRounds "7"]
[EventCountry "CHI"]
[SourceTitle "EXT 2012"]
[Source "ChessBase"]
[SourceDate "2011.11.24"]
[SourceVersion "1"]
[SourceVersionDate "2011.11.24"]
[SourceQuality "1"]
[WhiteTeam "Universidad de Chile"]
[BlackTeam "Universidad Santa Maria"]
[WhiteTeamCountry "CHI"]
[BlackTeamCountry "CHI"]

1. d4 d5 2. c4 Bf5 3. Nc3 e6 4. cxd5 exd5 5. Qb3 Nc6 6. Qa4 Nf6 7. a3 Be7 8. Nf3 0-0 9. Bg5 Re8 10. e3 Ne4 11. Nxe4 Bxe4 12. Bxe7 Qxe7 13. Be2 Qd6 14. 0-0 Re6 15. Nd2 Rae8 16. Nxe4 Rxe4 17. Bf3 R4e6 18. Qb5 Rd8 19. Rac1 Rf6 20. b4 Rh6 21. g3 Qe6 22. Bg2 Qc8 23. Rc5 Ne7 24. Rfc1 c6 25. Qd3 Qg4 26. b5 Qf5 27. Qxf5 Nxf5 28. bxc6 Rxc6 29. Rxc6 bxc6 30. Rxc6 g6 31. Rc5 Ne7 32. Rc7 a5 1-0